Význam pedagogickej komunikácie = Importance of pedagogical communication : Diplomová práca

Guardado en:
Detalles Bibliográficos
Autor principal: Brídzik Vavrinčíková, Miriama (Autor)
Otros Autores: Krpálek, Pavel, 1964- (xxx)
Formato: Manuscrito Libro
Lenguaje:eslovaco
Publicado: Trnava : STU v Bratislave MTF UIPH, 2009
Materias:
Etiquetas: Agregar Etiqueta
Sin Etiquetas, Sea el primero en etiquetar este registro!

MARC

LEADER 00000ntm a22000003a 4500
001 stu198453
005 20160719160025.3
008 100118s2009----xo------------------slo-d
040 |a STU  |b slo 
041 0 |a slo 
044 |a xo 
100 1 |a Brídzik Vavrinčíková, Miriama  |4 aut 
245 1 |a Význam pedagogickej komunikácie = Importance of pedagogical communication :  |b Diplomová práca 
260 |a Trnava :  |b STU v Bratislave MTF UIPH,  |c 2009 
300 |a 81 s  |c 1 CD-ROM 
500 |a Študijný program: učiteľstvo technických profesijných predmetov 
500 |a Študijný odbor: 1.1.2 učiteľstvo profesijných predmetov a praktickej prípravy 
650 7 |a pedagogická komunikácia  |2 stusub 
700 1 |a Krpálek, Pavel,  |d 1964-  |4 xxx  |X 60244  |7 A000060244 
996 |b 284M072152  |c M*DP-8615  |l MMSKP  |s P  |a 0  |w stu198453_0001